Marvel Quotes - Statistics

General Stats
  • This quiz has been taken 89 times
  • The average score is 11 of 15
Answer Stats
Quotes Character % Correct
I could do this all day. Captain America
100%
That's my secret captain. I'm always angry Bruce Banner
99%
Earth is closed today! Tony Stark
99%
Shakespeare in the park? Doth mother know you weareth her drapes? Tony Stark
99%
You will never be a god. Loki
89%
Your savior is here! Loki
89%
I love you 3000 Morgan Stark
89%
I would rather be a good man than great king Thor
79%
I'm sorry, did I step on your moment? Natasha Romanoff
78%
I do what he does, just slower. Sam Wilson
77%
The hardest choices require the strongest wills. Thanos
74%
What up, regular sized man? Rhodes
52%
Higher, further, faster, baby. Captain Marvel
32%
You never know. You hope for the best and make do with what you get. Nick Fury
32%
Does he need CPR? Because I totally know CPR. Darcy
19%
No matching quizzes found
Score Distribution
Percent of People with Each Score
Percentile by Number Answered
Your Score History
You have not taken this quiz